000 00368nam a2200145Ia 4500
005 20240807062226.0
008 240806s9999||||xx |||||||||||||| ||eng||
041 _aeng
100 _aSingh Kuvar Pal
245 0 _aBhakti andolan - itihas & sanskrit /
_cSingh Kuvar Pal
260 _bVani Prakashan Delahi
300 _a303
650 _aGeneral Studies
942 _cBK
999 _c12363
_d12363